| 000 | 00949nam a22002777a 4500 | ||
|---|---|---|---|
| 001 | 200460952 | ||
| 003 | TR-AnTOB | ||
| 005 | 20240611104450.0 | ||
| 008 | 240611b tu ||||| |||| 00| 0 tur d | ||
| 020 | _a9789759995850 | ||
| 040 |
_aTR-AnTOB _beng _erda _cTR-AnTOB |
||
| 041 | _atur | ||
| 092 |
_a823.914 _bHUM 2022 |
||
| 100 | _qHumphreys, Alastair | ||
| 245 |
_aDünyayı bisikletle dolaşan çocuk : _bAfrika yolunda / _cAlastair Humphreys ; çeviren: Handan Sağlanmak Arlı ; illüstrasyon: Tom Morgan-Jones. |
||
| 260 |
_aİstanbul : _bBeyaz Balina Yayınları ; _c2022. |
||
| 300 |
_a128 Pages. ; _bill. ; _c20 cm. |
||
| 336 |
_atext _btxt _2rdacontent |
||
| 337 |
_aunmediated _bn _2rdamedia |
||
| 338 |
_avolume _bnc _2rdacarrier |
||
| 500 | _aÖzgün eseradı: The Boy who biked the world: on the road to Africa. | ||
| 653 | _aÇocuk Edebiyatı | ||
| 942 |
_2ddc _cBK |
||
| 999 |
_c200460952 _d79164 |
||